Sports Quiz

Random Sports or NBA Quiz

Impossible NBA quiz (KOT4Q your failing) Stats

 Plays Quiz not verified by Sporcle

Support Sporcle.
Go Orange.
Score 0/25 Timer 15:00
0 Plays Today
Question Answer Wrong Answers
In the 2007 MVP race which player came in 3rd with an average of 31 5 and 5 and 100% should’ve won it over this player? (Let you off with an easy one) Kobe bryant
73.1%
Dirk nowitzki
3.8%
Tracy McGrady
0%
Dwayne wade
19.2%
Which team had the 3rd best record in the NBA in 2001 Kings
65.4%
LA Lakers
11.5%
Bucks
23.1%
Orchard Park
0%
Who led the 1988 Denver Nuggets in assists? Fat lever
61.5%
Alex English
34.6%
Eddie hughes
3.8%
Darwin cooks
0%
Which one of these players was nicknamed “The microwave”? Vinnie johnson
61.5%
Walt Frazier
23.1%
Marvin barnes
7.7%
Freddie brown
3.8%
Which future NBA star (next micheal Jordan) was shot and killed in high school? Ben wilson
53.8%
Ben Watson
23.1%
Peter Liberatore
7.7%
Charlie bartolotti
15.4%
What was micheal Jordan’s career steals per game? 2.3
50%
2.2
15.4%
2.4
30.8%
2.5
0%
Who was the runner up in the 1972 NBA finals? Knicks
46.2%
Lakers
19.2%
Celtics
3.8%
Bucks
26.9%
In 2005 which player was the leader in offensive rebounds? Ben wallace
46.2%
Dwight howard
26.9%
Kevin garnett
15.4%
Big Daddy Shaq
7.7%
Which of these NBA players was nicked named “skip to my Lou”? Rafer Alston
38.5%
Darell Griffith
7.7%
Jameer nelson
19.2%
Jamal mashburn
30.8%
Who was the 1982-83 sixth man of the year? (The quiz will get harder as it continues) Bobby jones
38.5%
Bill Walton
15.4%
Kevin mchale
42.3%
Ricky pierce
3.8%
Who did the bulls lose to second round in the 1980 playoffs 0-4? (Yo KOT aren’t you a huge Chicago fan, it would be a shame if you got this wrong? Celtics
38.5%
76ers
15.4%
Knicks
23.1%
Hawks
19.2%
Which Player was the Chicago Bulls first ever picked in 1966? Dave schellhase
38.5%
Loy petersen
15.4%
Ron dunlap
38.5%
Mike lynn
3.8%
In the 1981 NBA finals game 1, Who led the game in scoring? (Rockets vs Celtics) Robert reid
38.5%
Moses malone
26.9%
Larry bird
15.4%
Mike dunleavy
19.2%
Which of these players averaged the most over there career? Oliver miller
34.6%
Žan Tabak
19.2%
Elliot Williams
11.5%
Mark madsen
30.8%
In 2004 who led the league in 3pt field goal attempts? Quentin richardson
34.6%
Kyle korver
26.9%
Ray Allen
34.6%
Fred hoiberg
3.8%
Which player has a better all time free throw percentage? Stephen curry
34.6%
Steve nash
61.5%
Who was Billy ray bates drafted by? (To be fair never heard of this guy my self) Rockets
34.6%
Warriors
7.7%
Lakers
15.4%
Celtics
38.5%
Who is 15th on the all time scoring list? (Nice easy one for the last question) Paul pierce
30.8%
Kevin Garnett
15.4%
John havlicek
26.9%
Tim Duncan
23.1%
Out of these players who was drafted before Gary Payton in this horrible draft class? Derrick coleman
26.9%
Dennis scott
7.7%
Mahmoud-Abdul rauff
38.5%
Kendall Gill
26.9%
Which NBA player has the lowest salary of $47,371? (You won’t get the next two questions right?) Mitchell creek
23.1%
Jimmer ferdette
30.8%
JaKarr sampson
23.1%
Cameron reynolds
19.2%
Which player was drafted 4th overall in the 2002 NBA draft? Drew gooden
19.2%
Mike dunleavy
34.6%
Jay williams
34.6%
Dajuan wagner
7.7%
In 1975 who led the league in most free throws made? Tiny archibald
19.2%
Rick barry
57.7%
Bob mcadoo
11.5%
Kevin porter
7.7%
In 1994 who averaged the most points in the NBA! Shaquille O’neal
7.7%
David robinson
30.8%
Hakeem Olajuwon
26.9%
Karl malone
30.8%
Who was the assist leader for the 2008 New York Knicks with averaging 4.8 APG? Quentin richardson
3.8%
Nate Robinson
57.7%
Wilson chandler
11.5%
David lee
23.1%
Kobe Bryant is known for being one of the greatest scorers ever but which season did Kobe Bryant have his 3rd lowest points per game average? 1997-98
3.8%
1996-97
15.4%
2013-14
30.8%
2015-16
42.3%

You're not logged in!

Compare scores with friends on all Sporcle quizzes.
OR
Log In

From the Vault

Avengers Actors Venn Diagram

by chaosBEE

This gives us an idea for a new Avengers member called 'The Diagrammer'.
Remove Ads.
Support Sporcle.
Get the best of Sporcle when you Go Orange. This ad-free experience offers more features, more stats, and more fun while also helping to support Sporcle. Thank you for becoming a member.

Show Comments

Extras

Created Jul 10, 2019ReportNominate
Tags:NBA Quiz, Failing, impossible, KOT4Q

Top Quizzes Today


Score Distribution

Your Account Isn't Verified!

In order to create a playlist on Sporcle, you need to verify the email address you used during registration. Go to your Sporcle Settings to finish the process.

Report this User

Report this user for behavior that violates our Community Guidelines.

Details: